000 01200nam a2200229Ia 4500
003 Ost
005 20260507074932.0
008 260507s9999||||xx |||||||||||||| ||und||
020 _a978995798215
040 _cfsecg
041 _aara
082 _a330
100 _aشوملي، سهير ابراهيم
_eمؤلف
245 0 _aالحوكمة الرشيدة في الجامعات /
_c سهير ابراهيم شوملي
260 _aعمان:
_bدار الاعصار العلمي للنشر,
_c2016
300 _a244 صفحة؛
_bإيضاحات ؛
_c25 سم
504 _aبيبليوغرافيا: ص.241-244
520 _aيضم الحاكمية الرشيدة،استرتيجية التدريب والتعليم المهني والتقني،السياسات والإجراءات العامة،الحوكمة المؤسسية،واقع الحوكمة المؤسسية في الجامعات وإطار البرنامج المقترح،الدور الاجتماعي وآفاق التعاون،أثر الريادية المعلوماتية على إدارة المعرفة
653 _aالادارة التعليمية
653 _aالجامعات والكليات
942 _cكتاب
999 _c41855
_d41855